000 01615cam a22002413a 4500
001 32845
003 PGUSA
005 20140828083718.0
008 100616s2010||||xxu|||||s|||||000 | eng d
040 _aPGUSA
_beng
042 _adc
050 4 _aPS
245 1 0 _aInternational Short Stories :
_bAmerican
_h[electronic resource]
260 _bProject Gutenberg,
_c2010
505 0 _aThe prophetic pictures / N. Hawthorne -- The legend of Sleepy Hollow / W. Irving -- The gold-bug / E.A. Poe -- Corporal Flint's murder / J.F. Cooper -- Uncle Jim and Uncle Billy / B. Harte -- The notary of Perigueux / H.W. Longfellow -- The widow's cruise / F.R. Stockton -- The count and the wedding guest / O. Henry -- Miss Tooker's wedding gift / J.K. Bangs -- The fable of the two mandolin players and the willing performer / G. Ade -- The fable of the preacher who flew his kite, but not because he wished to do so / G. Ade -- The shadows on the wall / M.E.W. Freeman -- Major Perdue's bargain / J.C. Harris -- A Kentucky Cinderella / F.H. Smith -- By the waters of Paradise / F.M. Crawford -- A memorable night / A.K. Green -- The man from Red Dog / A.H. Lewis -- Jean Michaud's little ship / C.G.D. Roberts -- Those old lunes! / W.G. Simms -- The chiropodist / B. Taylor -- "Mr. Dooley on corporal punishment" / F.P. Dunne -- Over a wood fire / D.G. Mitchell.
506 _aPublic domain in the USA.
516 _aElectronic text
653 _aShort stories, American
700 1 _aPatten, William,
_d1868-1936
830 0 _aProject Gutenberg
_v32845
856 4 0 _uhttp://www.gutenberg.org/ebooks/32845
942 _cEB
999 _c262100
_d262100